|
|
|
|
| LEADER |
01397nam a2200241 i 4500 |
| 003 |
GR-PaULI |
| 005 |
20220225104811.0 |
| 008 |
111013s1977 gr afo g 1 gre d |
| 952 |
|
|
|0 0
|1 0
|2 ddc
|4 0
|6 889_092000000000000_ΚΑΖ
|7 1
|9 356910
|a LISP
|b LISP
|c DON
|d 2022-02-25
|e ΨΥΧ
|i 255448
|l 0
|o 889.092 ΚΑΖ
|p 025000290715
|r 2022-02-25 00:00:00
|t 1
|w 2022-02-25
|y BKN
|
| 999 |
|
|
|c 208904
|d 208904
|
| 040 |
|
|
|a GR-PaULI
|b gre
|c GR-PaULI
|e AACR2
|
| 082 |
0 |
4 |
|a 889.092
|2 23
|
| 100 |
1 |
|
|a Καζαντζάκη, Ελένη Ν.,
|d 1903-2004,
|4 συγγραφέας.
|9 101849
|
| 245 |
1 |
0 |
|a Νίκος Καζαντζάκης ο ασυμβίβαστος :
|b βιογραφία βασισμένη σε ανέκδοτα γράμματα και κείμενα του /
|c Ελένης Ν. Καζαντζάκη.
|
| 260 |
|
|
|a Αθήνα :
|b Ελένη Ν. Καζαντζάκη,
|c 1977.
|
| 300 |
|
|
|a 699 σ., φύλλα με πίνακες :
|b εικ. ;
|c 21 εκ.
|
| 504 |
|
|
|a Περιέχει ευρετήριο
|
| 600 |
1 |
4 |
|a Καζαντζάκης, Νίκος
|d 1833-1957,
|x Βιογραφία
|9 53287
|
| 650 |
|
4 |
|a Συγγραφείς, Έλληνες
|x Βιογραφία
|9 53288
|
| 650 |
|
4 |
|a Νεοελληνική λογοτεχνία
|9 320
|
| 852 |
|
|
|a GR-PaULI
|b ΠΑΤΡΑ
|b ΒΚΠ
|b ΒΣ2
|k ΑΣΧΕ
|h 889.092 ΚΑΖ
|m 082009
|p 025000148937
|t 1
|
| 942 |
|
|
|2 ddc
|c BK
|
| 998 |
|
|
|c Σαλαμούρα
|d 2022-02
|